<?xml version="1.0" encoding="UTF-8"?>
<collection xmlns="http://www.loc.gov/MARC21/slim">
 <record>
  <leader>06659nam a2200421 a 4500</leader>
  <controlfield tag="001">kal4557</controlfield>
  <controlfield tag="003">Gr-AtHEAL</controlfield>
  <controlfield tag="005">20160427092632.0</controlfield>
  <controlfield tag="006">m        d        </controlfield>
  <controlfield tag="008">160413s2015    gr      s           gre|c</controlfield>
  <datafield tag="020" ind1=" " ind2=" ">
   <subfield code="a">9789606035029</subfield>
  </datafield>
  <datafield tag="040" ind1=" " ind2=" ">
   <subfield code="a">GR-AtHEAL</subfield>
   <subfield code="b">gre</subfield>
   <subfield code="c">GR-AtHEAL</subfield>
  </datafield>
  <datafield tag="082" ind1="0" ind2="4">
   <subfield code="a">624.1</subfield>
   <subfield code="2">23</subfield>
  </datafield>
  <datafield tag="100" ind1="1" ind2=" ">
   <subfield code="a">Σταυρουλάκης, Γεώργιος Ε..</subfield>
   <subfield code="8">2529</subfield>
  </datafield>
  <datafield tag="245" ind1="1" ind2="0">
   <subfield code="a">Υπολογιστική μηχανική</subfield>
   <subfield code="h">[Ηλεκτρονικός πόρος] </subfield>
   <subfield code="b">Θεωρία και εφαρμογές πεπερασμένων στοιχείων</subfield>
   <subfield code="c">Σταυρουλάκης, Γεώργιος ; Σταυρουλάκη, Μαρία ; Μουράντοβα-Κονταδάκη, Αλίκη ; Κριτικός αναγνώστης,Μυστακίδης, Ευριπίδης ; Γλωσσική επιμέλεια,Παππάς, Βασίλειος.</subfield>
  </datafield>
  <datafield tag="260" ind1=" " ind2=" ">
   <subfield code="a">Αθήνα :</subfield>
   <subfield code="b">Σύνδεσμος Ελληνικών Ακαδημαϊκών Βιβλιοθηκών,</subfield>
   <subfield code="c">c2015.</subfield>
  </datafield>
  <datafield tag="490" ind1=" " ind2=" ">
   <subfield code="a">Ακαδημαϊκά Ηλεκτρονικά Συγγράμματα και Βοηθήματα Κάλλιπος</subfield>
   <subfield code="8">40</subfield>
  </datafield>
  <datafield tag="505" ind1=" " ind2=" ">
   <subfield code="a">1. Μαθηματική προσομοίωση φυσικών φαινομένων2. Αριθμητική προσέγγιση για διαφορικές εξισώσεις3. Γραμική θεωρία, στατικά προβλήματα4. Δυναμικά προβλήματα5. Προβλήματα δύο και τριών Διαστάσεων6. Mη γραμμικά φαινόμενα</subfield>
  </datafield>
  <datafield tag="520" ind1=" " ind2=" ">
   <subfield code="a">Εισαγωγή στην υπολογιστική μηχανική με έμφαση τις μεθόδους των πεπερασμένων στοιχείων και τις εφαρμογές τους. Θα παρουσιαστεί η μετάβαση απο τις διαφορικές εξισώσεις συνηθισμένων προβλημάτων μηχανικής, με τη χρήση της ασθενούς μορφής που επιτρέπουν οι αρχές των μεταβολών ή και μέσω της βελτιστοποίησης ενέργειας, και μέσω της διακριτοποίησης πεπερασμένων στοιχείων σε συστήματα εξισώσεων κατάλληλα για επίλυση με τον υπολογιστή. Θα παρουσιαστούν επίσης οι συνηθισμένες μέθοδοι επίλυσης. Η δυναμική γραμμικών προβλημάτων θα παρουσιαστεί σε ξεχωριστό κεφάλαιο. Επεκτάσεις τις μεθόδου σε μη γραμμικά προβλήματα θα συζητηθούν επίσης σύντομα. Ειδικά θέματα πρακτικής εφαρμογής και επεκτάσεις σε προσομοίωση ευφυών κατασκευών, βέλτιστο σχεδιασμό και μεθόδους βελτίωσης της διακριτοποίησης θα παρουσιαστούν σε παραρτήματα. Σε όλο το βιβλίο θα δοθούν υποστηρικτικά παραδείγματα εφαρμογής, για μεν το διδακτικό και ερευνητικό επίπεδο σε προγράμματα γραμμένα σε MATLAB/OCTAVE/PYTHON για δε τους χρήστες που ενδιαφέρονται μόνο για τις εφαρμογές με τη χρήση εμπορικών προγραμμάτων κ.α.Η κύρια πρωτοτυπία του προτεινόμενου βιβλίου είναι η χρήση εξελιγμένων μεθόδων για την εξαγωγή των εξισώσεων της μηχανικής σε άμεση σχέση με τις αρχές της βελτιστοποίησης και της μεθόδου των μεταβολών, η παρουσίαση με κατανοητό τρόπο προχωρημένων θεμάτων με στόχο την παρακίνηση του φοιτητή, μέσω της εκθέσεώς του σχετικά νωρίς σε προχωρημένα θέματα, σε παραπέρα εξειδικευμένη μελέτη. Μια ακόμη πρωτοτυπία που στηρίζεται ουσιαστικά απο την ηλεκτρονική μορφή του βιβλίου αποτελεί η παράθεση πληθώρας παραδειγμάτων και εκπαιδευτικών προγραμμάτων κατάλληλων για χρήστες διαφορετικών δυνατοτήτων και ενδιαφερόντων, όπως επίσης και η ενσωμάτωση επιλεγμένων συνδέσμων στο διαδίκτυο.  Το βιβλίο είναι κατάλληλο για εισαγωγή στη μέθοδο σε οποιοδήποτε προπτυχιακό πρόγραμμα σπουδών μηχανικών αλλά και σε συναφή προγράμματα εφαρμοσμένων μαθηματικών και φυσικών επιστημών.</subfield>
  </datafield>
  <datafield tag="650" ind1=" " ind2="0">
   <subfield code="a">Structural analysis (Engineering)</subfield>
   <subfield code="8">2612</subfield>
  </datafield>
  <datafield tag="653" ind1=" " ind2=" ">
   <subfield code="a">Μηχανική του παραμορφώσιμου σώματος</subfield>
  </datafield>
  <datafield tag="653" ind1=" " ind2=" ">
   <subfield code="a">Υπολογισμό κατασκευών</subfield>
  </datafield>
  <datafield tag="653" ind1=" " ind2=" ">
   <subfield code="a">Δυναμική</subfield>
  </datafield>
  <datafield tag="653" ind1=" " ind2=" ">
   <subfield code="a">Στατική</subfield>
  </datafield>
  <datafield tag="653" ind1=" " ind2=" ">
   <subfield code="a">Υπολογιστικά μαθηματικά</subfield>
  </datafield>
  <datafield tag="653" ind1=" " ind2=" ">
   <subfield code="a">Μηχανική</subfield>
  </datafield>
  <datafield tag="653" ind1=" " ind2=" ">
   <subfield code="a">Υπολογιστική μηχανική</subfield>
  </datafield>
  <datafield tag="653" ind1=" " ind2=" ">
   <subfield code="a">Μαθηματικά</subfield>
  </datafield>
  <datafield tag="653" ind1=" " ind2=" ">
   <subfield code="a">Τεχνολογία και επιστήμες μηχανικών</subfield>
   <subfield code="a">Τεχνολογία και μηχανική υλικών</subfield>
   <subfield code="a">Αντοχή υλικών</subfield>
  </datafield>
  <datafield tag="653" ind1=" " ind2=" ">
   <subfield code="a">Τεχνολογία και επιστήμες μηχανικών</subfield>
   <subfield code="a">Τεχνολογία και μηχανική κατασκευών</subfield>
   <subfield code="a">Στατική και δυναμική ανάλυση των κατασκευών</subfield>
  </datafield>
  <datafield tag="700" ind1="1" ind2=" ">
   <subfield code="a">Σταυρουλάκη, Μαρία</subfield>
   <subfield code="e">Συγγραφέας</subfield>
   <subfield code="8">2530</subfield>
  </datafield>
  <datafield tag="700" ind1="1" ind2=" ">
   <subfield code="a">Μουράντοβα - Κονταδάκη, Αλίκη</subfield>
   <subfield code="e">Συγγραφέας</subfield>
   <subfield code="8">2533</subfield>
  </datafield>
  <datafield tag="700" ind1="1" ind2=" ">
   <subfield code="a">Μυστακίδης, Ευριπίδης</subfield>
   <subfield code="e">Κριτικός αναγνώστης</subfield>
   <subfield code="8">2532</subfield>
  </datafield>
  <datafield tag="856" ind1="4" ind2="0">
   <subfield code="u">http://hdl.handle.net/11419/4557</subfield>
   <subfield code="z">Πλήρες Κείμενο - Full text</subfield>
  </datafield>
  <datafield tag="907" ind1=" " ind2=" ">
   <subfield code="a">.b25678784</subfield>
   <subfield code="b">12-06-18</subfield>
   <subfield code="c">29-07-16</subfield>
  </datafield>
  <datafield tag="949" ind1=" " ind2=" ">
   <subfield code="0">0</subfield>
   <subfield code="1">0</subfield>
   <subfield code="2">ddc</subfield>
   <subfield code="4">0</subfield>
   <subfield code="6">624_100000000000000_ΣΤΑ</subfield>
   <subfield code="7">0</subfield>
   <subfield code="8">KALL</subfield>
   <subfield code="8">637</subfield>
   <subfield code="d">2016-04-13</subfield>
   <subfield code="r">2016-04-13</subfield>
   <subfield code="w">2016-04-13</subfield>
   <subfield code="z">624.1 ΣΤΑ</subfield>
   <subfield code="o">SEAB KALLIPOS</subfield>
  </datafield>
  <datafield tag="998" ind1=" " ind2=" ">
   <subfield code="a">80</subfield>
   <subfield code="a">01</subfield>
   <subfield code="a">02</subfield>
   <subfield code="a">03</subfield>
   <subfield code="a">04</subfield>
   <subfield code="a">05</subfield>
   <subfield code="a">06</subfield>
   <subfield code="a">07</subfield>
   <subfield code="a">08</subfield>
   <subfield code="a">09</subfield>
   <subfield code="a">10</subfield>
   <subfield code="a">11</subfield>
   <subfield code="a">12</subfield>
   <subfield code="a">13</subfield>
   <subfield code="a">14</subfield>
   <subfield code="a">15</subfield>
   <subfield code="a">16</subfield>
   <subfield code="a">17</subfield>
   <subfield code="a">18</subfield>
   <subfield code="a">19</subfield>
   <subfield code="a">20</subfield>
   <subfield code="a">21</subfield>
   <subfield code="a">22</subfield>
   <subfield code="a">23</subfield>
   <subfield code="a">24</subfield>
   <subfield code="a">25</subfield>
   <subfield code="a">26</subfield>
   <subfield code="b">10-05-17</subfield>
   <subfield code="c">m</subfield>
   <subfield code="d">z  </subfield>
   <subfield code="e">-</subfield>
   <subfield code="f">gre</subfield>
   <subfield code="g">gr </subfield>
   <subfield code="h">0</subfield>
  </datafield>
  <datafield tag="942" ind1=" " ind2=" ">
   <subfield code="2">ddc</subfield>
   <subfield code="c">KALLIPOS</subfield>
  </datafield>
 </record>
</collection>
